Normal view
MARC view
- Cai, G. Q
Entry Personal Name
001 - CONTROL NUMBER
- control field: 42615
003 - CONTROL NUMBER IDENTIFIER
- control field: NUST
005 - DATE AND TIME OF LATEST TRANSACTION
- control field: 20210314132350.0
008 - FIXED-LENGTH DATA ELEMENTS
- fixed length control field: 210314|| aca||aabn | a|a d
040 ## - CATALOGING SOURCE
- Original cataloging agency: NUST
- Transcribing agency: NUST
100 ## - HEADING--PERSONAL NAME
- Personal name: Cai, G. Q
670 ## - SOURCE DATA FOUND
- Source citation: Work cat.: (NUST): Lin, Y. K. 42614, Probabilistic structural dynamics :, c1995.
